Veritatis gaudium. Constitución Apostólica de S.S. Francisco. Sobre las Universidades y Facultades eclesiásticas.

Sparad:
Bibliografiska uppgifter
Huvudupphovsman: Francisco, Papa (autor)
Materialtyp: Bok
Språk:spanska
Publicerad: Santiago, Chile: Conferencia Episcopal de Chile ; Pontificia Universidad Católica de Chile, 2018.
Ämnen:
Taggar: Lägg till en tagg
Inga taggar, Lägg till första taggen!

MARC

LEADER 00000nam a22000007a 4500
003 CL-VaPUC
005 20250321090149.0
008 210603t2018 ||||| |||| 00| 0 eng d
999 |c 433033  |d 433031 
020 |a 9789561422131 
040 |c Pontificia Universidad Católica de Valparaíso 
041 0 |a spa 
082 0 4 |2 21  |a 262.91 FRA 2018 
100 |a Francisco,  |c Papa  |e autor  |9 877620 
245 1 0 |a Veritatis gaudium.  |b  Constitución Apostólica de S.S. Francisco. Sobre las Universidades y Facultades eclesiásticas. 
260 3 |a Santiago, Chile:  |b Conferencia Episcopal de Chile ;  |b Pontificia Universidad Católica de Chile,  |c 2018. 
300 |a 111 páginas. 
500 |a Donación VRA N. Vásquez L. c.2. Donación.MEMO Nº1. BIBNEG 7-1-2025. 
583 |c 20210603  |k Daniel Castañeda 
650 0 0 |9 469321  |a Educación religiosa universitaria 
650 0 0 |9 223851  |a Educación superior  
650 0 0 |9 269599  |a Planificación del currículo 
650 0 0 |9 255642  |a Documentos pontificios  
942 |2 ddc  |c BK  |n 1 
952 |0 0  |1 0  |2 ddc  |4 0  |6 262_910000000000000_FRA_2018  |7 0  |8 A  |9 577991  |a BIBHIS  |b BIBHIS  |d 2021-06-03  |i 5621429  |o 262.91 FRA 2018  |p 5621429  |r 2025-01-20  |t 1  |w 2021-06-03  |y BK  |k HIS 
952 |0 0  |1 0  |2 ddc  |4 0  |6 262_910000000000000_FRA_2018  |7 0  |8 A  |9 601682  |a BIBENE  |b BIBENE  |d 2025-03-21  |e Donación   |i 5666602  |o 262.91 FRA 2018  |p 5666602  |r 2025-03-21  |t 2  |w 2025-03-21  |y BK  |k ICO